000 00828nas a2200253Ia 4500
001 R703/49205
003 IT-RoPAU
008 151124c99999999xx |||||||||||| ||und||
040 _aIT-RoPAU
040 _cIT-RoPAU
041 _aINGLESE
100 _aMead Margaret
_gCodice Aut. SPICS: 3931
210 _aSEMIOTICA
222 _aSemiotica
245 _aSEMIOTICA, VOL.01-N.1 (1969)
_bFrom Intuition To Analysis In Communication Research
250 _a1a ed.
260 _aLA HAYE
_bMOUTON & CO
_c1969
501 _bPaulus - SPICS - Società San Paolo EM (non-commercial uses only)
_cCopyright2015
300 _a13 p. [13-25]
362 _aVOL.01, N.01 (1969)
500 _aDall'Intuizione All'Analisi nella Ricerca Sulla Comunicazione. Bibliografia.
650 _aSEMIOTICA
_vPUBBLICAZIONE PERIODICA
942 _cCR
999 _c181730
_d181730